00992nam a22003017a 4500001001000000003000900010005001700019007000300036008003400039040005400073041001000127072001900137090001900156100002100175100001900196110008600215245002600301260003600327300001000363500003300373650002100406650002500427650002600452909003600478942000700514999001700521952015200538BR0002047BR-BrBNA20230928100650.0ta230509b bl.||||| |||| 00| 0 por d aBR-BrBNAbporcBiblioteca Nacional de Agricultura a(Por) aK10; C20b3575  3575 BR00020471 aCarvalho, P.E.R.1 aDuarte, J.A.M.1 aEMBRAPA Comunicacao para Transferencia de Tecnologia, Brasilia, DF (Brasil)936061 aA viagem das sementes3 aBrasilia, DF (Brasil): c2000.  a59 p. a34 illus.; Glossary p. 53-59 aArvore Florestal aDispersao de Semente aDifusao de Tecnologia a202309bLuciac55dLucia Elande cBK c62258d62258 002AGRIS40708AGROBASEa41918b41918l0o 3575 BR0002047p3575 BR0002047r2023-09-25t01yBK10d2023-09-25ePortaria Interministerial nÂș 164/94